000 00914nam a2200301Ia 4500
001 86106
003 IT-RoPAU
008 130308s9999 xx 000 0 und d
040 _aIT-RoPAU
040 _cIT-RoPAU
041 _aTEDESCO
100 _aRosing Helmut
100 _gCodice Aut. SPICS: 12420
245 _aZur Rezeption Technisch Vermittelter Musik. Psychologische, asthetische und Musikalisch-Funktionsbezogene aspekte
245 _bMusik in Den Massenmedien Rundfunk Und Fernsehen
250 _a1a ed.
260 _aMAINZ
260 _bSchott'S Sohne
260 _c1976 [1° Ed.:1976 - Ed.Ling.Originale:1976]
300 _a"23 p. (prefazione: no ; testo: 23 [pagine: 44-66])"
500 _aRecezione Musicale Aspetti psicologici Estetici Musicali
650 _aSAGGI MUSICALI
650 _eCodice materia Spics: 7011
942 _cBK
957 _71
999 _c60640
_d60640
999 _bSI
999 _g1